000 00494nmm a2200169Ia 4500
008 251105s9999||||xx |||||||||||||||||und||
020 _a9788498168716
041 _aspa
100 _aManach Robato, Jorge
245 0 _aLa crisis de la alta cultura en Cuba
264 _a[Madrid, España] :
_bLinkgua,
_c2011
300 _a47 páginas
490 _aPensamiento
650 _aHistory of the Americas: Latin America
856 _uhttps://public.digitaliapublishing.com/a/14990
942 _cCF
999 _c91510
_d91510